Slovenský národný záujem a jeho realizácia v podmienkach globalizácie

Enregistré dans:
Détails bibliographiques
Auteur principal: Weiss, Peter
Format: Chapitre de livre
Langue:slovaque
Tags: Ajouter un tag
Pas de tags, Soyez le premier à ajouter un tag!

MARC

LEADER 00000nla$a2200000$$$4500
001 0062987
005 20240502071723.0
041 0 |a slo 
044 |a SK 
245 1 0 |a Slovenský národný záujem a jeho realizácia v podmienkach globalizácie  |c Peter Weiss 
100 1 |a Weiss, Peter